| 000 | 00434nam a2200169Ia 4500 | ||
|---|---|---|---|
| 008 | 230524s9999 xx 000 0 und d | ||
| 020 | _a978007007935 | ||
| 082 |
_a658.409 _bCHA |
||
| 100 | _aPrasanna Chandra | ||
| 245 | 0 | _a"Projects ? Planning, Analysis, Selection, Financing" | |
| 250 | _a7TH | ||
| 260 |
_aNEW DELHI _bTMH _c2009 |
||
| 300 | _aXXI;20.17 | ||
| 500 | _aQuantity Number: 9 | ||
| 650 | _aManagement | ||
| 942 | _cBK | ||
| 999 |
_c45017 _d45017 |
||